[Event "3rd GRENKE Chess Open 2018"]
[Site "Karlsruhe"]
[Date "2018.03.31"]
[Round "4"]
[White "Schnepp, Gunnar"]
[Black "Ider, Borya"]
[Result "0-1"]
[WhiteElo "2332"]
[BlackElo "2505"]
[Annotator "TA"]
[PlyCount "95"]
[EventDate "2018.??.??"]
[EventType "swiss"]
[EventCountry "GER"]
[SourceTitle "playchess.com"]
[Source "ChessBase"]
[SourceQuality "1"]

{[%evp 9,95,12,27,22,2,0,28,-50,-2,-48,-28,-31,-39,-37,-37,-70,-85,-81,-63,-142,-142,-144,-143,-143,-129,-129,-144,-139,-114,-175,-174,-203,-128,-112,-125,-218,-215,-267,-266,-308,-305,-397,-389,-384,-381,-379,-274,-280,-255,-285,-292,-287,-256,-272,-258,-269,-272,-243,-269,-248,-208,-201,-178,-230,-200,-289,-278,-289,-291,-306,-303,-306,-295,-301,-290,-344,-314,-326,-336,-312,-327,-320,-321,-909,-850,-5105,-4631,-29987]} 1. c4 e6 2. Nf3 d5 3. g3 dxc4 4. Bg2 c6 5. a4 Nf6 6. O-O {A13: English Opening: 1...e6} Qd5 (6... Na6 7. Na3 Bxa3 8. Rxa3 O-O 9. Qc2 Qd5 10. Re3 Nb4 11. Qc3 Na2 12. Qa3 Nxc1 13. Rxc1 {1-0 (27) Aronian,L (2785)-Bok,B (2598) Doha 2016}) 7. Nc3 Qa5 8. e4 $146 (8. b3 $11) ({Predecessor:} 8. b3 cxb3 9. Qxb3 Nbd7 10. d4 Bb4 11. Na2 Be7 12. Bd2 Qb6 13. Qc2 {0-1 (56) Riemelmoser,F (2291)-Sandhoefner,F (2250) Austria 2016}) 8... Nbd7 9. Qe2 Qa6 10. b3 cxb3 {Strongly threatening ...b5!} 11. Qxa6 bxa6 12. Rb1 a5 13. Nd4 Ba6 14. Re1 (14. Nxc6 $15 Bxf1 15. Kxf1) 14... Ne5 $17 15. Nxb3 Bb4 16. Na2 Nd3 $36 {[%mdl 2048] Black is on the roll.} 17. Rd1 c5 18. Bb2 O-O 19. Bxf6 (19. Bc3 $17 {might work better.}) 19... gxf6 $19 20. e5 fxe5 {[%cal Bf6e5,Be5e4][%mdl 32] Threatens to win with ...Rad8.} 21. Bxa8 Rxa8 22. Nxb4 (22. Nbc1 $17) 22... axb4 23. Nc1 e4 24. Kg2 Ne5 25. d4 exd3 26. f4 Nc4 27. Rxd3 Na3 28. Rxa3 bxa3 {[%mdl 4096] Endgame KRB-KRN} 29. Ra1 Rd8 30. Rxa3 Rd2+ 31. Kf3 Rxh2 32. Rc3 c4 33. Ne2 Bb7+ 34. Ke3 Bd5 35. Rc1 Rg2 36. a5 (36. Rb1 $142) 36... Kf8 37. a6 (37. Rb1 $142) 37... Ke7 38. f5 Kd6 39. fxe6 fxe6 40. Rb1 h5 41. Rb8 Kc7 42. Rh8 Kb6 43. Rxh5 Kxa6 44. Rg5 Kb6 45. Nf4 Rg1 46. Nxd5+ $2 {[#]} (46. Kd4 Kc6 47. Rg6) 46... exd5 47. Rxd5 c3 48. Kd4 {Precision: White = 48%, Black = 76%.} 0-1

[Event "3rd GRENKE Chess Open 2018"]
[Site "Karlsruhe"]
[Date "2018.03.31"]
[Round "4"]
[White "Olsen, Filip Boe"]
[Black "Riff, Jean-Noel"]
[Result "0-1"]
[WhiteElo "2330"]
[BlackElo "2503"]
[Annotator "TA"]
[PlyCount "112"]
[EventDate "2018.??.??"]
[EventType "swiss"]
[EventCountry "GER"]
[SourceTitle "playchess.com"]
[Source "ChessBase"]
[SourceQuality "1"]

{[%evp 17,112,0,8,0,4,-5,0,-29,-17,-15,-20,-24,0,0,7,-21,-12,-43,-18,-37,-25,-63,-62,-52,-52,-63,-26,-64,-13,-27,0,0,0,0,0,-58,-56,-72,-48,-47,-17,-82,-79,-144,-127,-129,-126,-139,-146,-467,-462,-451,-435,-370,-353,-317,-253,-263,-47,-100,-121,-95,-29,-24,-37,-57,-57,-57,-57,-57,-55,-81,-60,-63,-72,-81,-81,-81,-81,-92,-85,-94,-94,-91,-91,-94,-91,-86,-85,-100,-100,-708,-693,-29974,-29974,-29970,-29970]} 1. d4 Nf6 2. c4 e6 3. Nc3 Bb4 4. e3 O-O 5. Nge2 d5 6. a3 Be7 7. cxd5 exd5 8. Nf4 c6 9. Bd3 Na6 {LiveBook: 43 Games. E46: Nimzo-Indian: Rubinstein: 4 e3 0-0 5 Ne2 without early Bd3} 10. O-O Nc7 11. b4 (11. f3 Re8 12. Bc2 c5 13. Kh1 Ne6 14. dxc5 Nxf4 15. exf4 Bxc5 16. b4 Bb6 17. Bb2 {0-1 (29) Mchedlishvili,M (2603)-Cheparinov,I (2710) Riadh 2017}) 11... Bd6 {The position is equal.} 12. b5 $146 (12. Bd2 {looks sharper.} Re8 13. f3 Ne6 14. Nxe6 Rxe6 15. Qc2) ({Predecessor:} 12. Rb1 Ne6 13. Nxe6 Bxe6 14. Qc2 Rc8 15. f3 Re8 16. Ne2 b6 17. Bd2 {1-0 (35) Hauser,D (2272)-Latas,P (2106) ICCF email 2013}) 12... cxb5 13. Nxb5 Nxb5 14. Bxb5 Bxf4 (14... Bf5 {keeps more tension.} 15. Ba4 Rc8 16. Bd2 a5 17. Bb3 Qb6) 15. exf4 Bf5 16. Bd3 Qd7 17. f3 Rac8 18. Rb1 b6 19. g4 Bxd3 20. Qxd3 Rc4 21. Bd2 Rfc8 22. Rfe1 Qa4 (22... Ne8 $15) 23. Rb4 $11 Rxb4 24. axb4 h6 25. Kf2 Qa2 26. Re2 (26. Re7 $11) 26... Qc4 $1 $36 {[%cal Rc4d3][%mdl 2048] Black is more active.} 27. Re3 Qxd3 28. Rxd3 $17 {[%mdl 4096] Endgame KRB-KRN} Ne8 29. f5 (29. Re3 $1 $11) 29... Nd6 30. f6 (30. Re3 $142) 30... Rc2 (30... gxf6 31. Bxh6 Rc4 32. Bf4 $11) 31. Kg3 Nc4 ({Don't play} 31... gxf6 32. Bf4 $15) 32. Bf4 g5 ({But not} 32... gxf6 33. Rd1 $15) 33. Bb8 $2 {[%mdl 8192]} (33. Bc7 $17 {is more resistant.}) 33... a5 $19 34. bxa5 bxa5 {[%cal Bb6a5,Ba5a4][%mdl 32]} 35. Ba7 a4 36. Bc5 Nd2 {( -> ...Nf1+)} 37. Bd6 Nf1+ $2 (37... Kh7 $19 {is more deadly. Strongly threatening ...Ra2.} 38. h4 Kg6) 38. Kh3 $17 {[#]} Kh7 $1 39. Ra3 Nd2 ({Black should try} 39... Rc4 $17 {Hoping for ...Nd2.} 40. Rd3 Rc6) 40. Rxa4 $11 Nxf3 41. Ra5 Nxd4 42. Rxd5 Ne6 43. Rf5 Kg6 44. Rf3 Rd2 45. Be5 Re2 46. Bb8 Nc5 47. Ba7 Ne4 48. Bd4 Rd2 49. Bc3 Rc2 50. Bd4 h5 51. gxh5+ Kxh5 {[%csl Gh5][%cal Rg5g4]} 52. Rf5 Rd2 53. Ba1 Rd1 54. Bb2 $2 {[%mdl 8192]} (54. Ra5 $17) 54... Nd6 $19 55. Rf2 {[#]} Rg1 $1 {[%csl Gg1,Gh5][%cal Rg5g4]} 56. Rg2 g4+ {Precision: White = 38%, Black = 53%.} 0-1

[Event "3rd GRENKE Chess Open 2018"]
[Site "Karlsruhe"]
[Date "2018.03.31"]
[Round "4"]
[White "Kuraszkiewicz, Michael"]
[Black "Poetsch, Hagen"]
[Result "0-1"]
[WhiteElo "2326"]
[BlackElo "2484"]
[Annotator "TA"]
[PlyCount "126"]
[EventDate "2018.??.??"]
[EventType "swiss"]
[EventCountry "GER"]
[SourceTitle "playchess.com"]
[Source "ChessBase"]
[SourceQuality "1"]

{[%evp 15,126,23,23,11,38,37,82,70,70,-66,-53,-61,-54,-61,-61,-107,-104,-105,-105,-105,-100,-101,-103,-126,-118,-130,-131,-130,-114,-103,-102,-100,-102,-103,-96,-96,-100,-107,-58,-62,-45,-52,0,-64,-63,-87,-81,-86,-79,-86,-90,-92,-73,-73,-36,-36,-39,-47,-47,-53,-56,-51,-50,-55,-55,-55,-54,-79,-93,-93,-77,-72,-62,-148,-147,-141,-145,-137,-92,-86,-55,-118,-111,-254,-232,-254,-253,-395,-387,-387,-381,-385,-381,-372,-365,-351,-320,-356,-301,-284,0,-352,-351,-470,-463,-1238,-1015,-5129,-5160,-4590,-3585,-806,-745]} 1. d4 Nf6 2. Nf3 d5 3. c4 e6 4. g3 Be7 5. Bg2 O-O 6. O-O dxc4 7. Qc2 b6 {E05: Open Catalan: 5 Nf3 Be7} 8. Bg5 Ba6 {LiveBook: 6 Games} 9. Nbd2 Nc6 $146 {The position is equal.} ({Predecessor:} 9... Nd5 10. Bxe7 Qxe7 11. Nxc4 Nd7 12. Rac1 c5 13. Qa4 Bb7 14. Qa3 N5f6 15. Rfd1 {½-½ (72) Aronian,L (2792)-Fressinet,L (2687) Paris 2016}) 10. Nxc4 Nxd4 11. Nxd4 Qxd4 12. Rac1 (12. Bxa8 $14 Rxa8 13. Rac1) 12... Rac8 13. Qa4 Bxc4 $1 14. Rxc4 Qxb2 15. Qxa7 Qxe2 16. Rxc7 Rxc7 17. Qxc7 Bc5 {Strongly threatening ...Ng4.} 18. Bxf6 gxf6 19. Qf4 Kg7 20. a4 Rd8 $1 21. Bf3 Qc2 22. Qg4+ Kf8 23. Qf4 Ke7 24. Bh5 Rd4 25. Qc7+ Rd7 26. Qf4 Bd4 27. Bd1 Qd3 28. Bh5 Qc2 29. Bd1 $1 {[%cal Rd1c2]} Qa2 30. Kg2 Bc5 31. Bh5 Qd5+ 32. Bf3 Qd4 33. Qh6 Qxa4 34. Qxh7 Qa2 {White must now prevent ...Rd2.} 35. Bh5 $1 e5 36. Qf5 Qe6 37. Qc2 Ra7 38. Qe4 f5 39. Qh4+ Qf6 40. Qc4 $1 Qc6+ 41. Kh3 Qe6 42. Qh4+ Qf6 43. Qc4 Ra8 {Hoping for ...Rh8.} 44. f3 (44. Kg2 $15) 44... Rh8 $36 {[%mdl 2048] Keeping White busy.} 45. g4 Qe6 46. Qxe6+ Kxe6 {[%mdl 4096] Endgame KRB-KRB} 47. Kg2 f4 {[%cal Bf5f4,Bf4f3,Bf3f2][%mdl 32]} 48. Ra1 ({White has to play} 48. h4 $1 $15) 48... Rd8 49. h4 (49. Ra2 $17 {was called for.}) 49... Rd2+ $19 50. Kh3 Rd3 51. Kg2 {[#]} (51. g5 $142 e4 52. Ra4) 51... e4 $1 {[%mdl 512]} 52. fxe4 {[#]} f3+ $1 53. Kg3 f2+ 54. Kg2 Re3 {( -> ...Re1)} 55. Rf1 Rxe4 56. Kf3 Re1 57. Kg2 Re4 58. Kf3 $1 {[%cal Rf3e4]} Ke5 59. Kg2 f6 {Black is clearly winning.} 60. Kf3 (60. g5 $142 Rxh4 61. Be2) 60... Re1 61. Kg2 Kf4 62. Bf7 Kxg4 63. h5 Re3 {Precision: White = 59%, Black = 76%.} 0-1

[Event "3rd GRENKE Chess Open 2018"]
[Site "Karlsruhe"]
[Date "2018.03.31"]
[Round "4"]
[White "Videnova, Iva"]
[Black "Kuipers, Stefan"]
[Result "0-1"]
[WhiteElo "2323"]
[BlackElo "2468"]
[Annotator "TA"]
[PlyCount "84"]
[EventDate "2018.??.??"]
[EventType "swiss"]
[EventCountry "GER"]
[SourceTitle "playchess.com"]
[Source "ChessBase"]
[SourceQuality "1"]

{[%evp 21,84,0,9,-24,-14,-66,4,-4,6,6,28,16,62,55,78,61,62,47,43,38,32,21,22,28,50,37,53,39,40,45,38,41,92,104,105,101,156,156,340,18,22,0,15,0,63,0,82,68,64,66,46,8,8,8,8,8,11,11,20,-13,0,-477,-483,-615,-544]} 1. e4 e6 2. d4 d5 3. Nc3 Nf6 4. e5 Nfd7 5. f4 c5 6. Nf3 Nc6 7. Be3 a6 8. Qd2 b5 9. dxc5 Bxc5 10. Bd3 {C11: French: Classical System: 4 e5 and 4 Bg5 dxe4} Qb6 11. Bf2 h6 {LiveBook: 23 Games} 12. h4 $146 {The position is equal.} ({Predecessor:} 12. O-O O-O 13. Rae1 Ra7 14. f5 Bxf2+ 15. Rxf2 d4 16. Ne4 exf5 17. Ng3 f6 {½-½ (56) Yu,Y (2749)-Vitiugov,N (2720) Khanty-Mansiysk 2017}) 12... Bb7 13. h5 ({Better is} 13. O-O $11) 13... Bxf2+ (13... O-O $15) 14. Qxf2 $11 Qxf2+ 15. Kxf2 Nc5 16. a3 b4 17. Ne2 b3 18. Ned4 Na5 19. Ke2 Ke7 20. Nd2 {[%cal Rd2b3]} bxc2 21. Bxc2 Nc6 22. N2f3 a5 23. Nxc6+ Bxc6 24. Nd4 $36 {[%mdl 2048] White is pushing.} Rhc8 25. b4 Nd7 26. Bd3 Nb6 (26... Bb7 $14) 27. Rhc1 $16 Be8 28. Rxc8 Nxc8 (28... Rxc8 $142 29. bxa5 Nc4) 29. b5 f5 $2 (29... Bd7 $16 30. Rc1 Kd8) 30. exf6+ $2 (30. Rc1 $18) 30... gxf6 $11 {[%cal Bg7f6,Bf6e5,Be5e4,Be4e3][%mdl 32]} 31. Kd2 {aiming for Re1.} Kd6 32. Rc1 Ne7 ({Black should play} 32... Nb6 $11) 33. a4 (33. g4 $14) 33... Bd7 {[#]} (33... Nc8 $1 $11) 34. Nb3 $1 $16 e5 35. fxe5+ fxe5 36. Rf1 {Strongly threatening Rf6+.} e4 37. Be2 {Rf6+ is the strong threat.} Nf5 $1 38. g4 Ng3 39. Rf6+ Ke5 40. Ra6 Rc8 {And now ...e3+! would win.} 41. b6 $2 {[%mdl 8192] [#]} (41. Nxa5 $11 {and White stays safe.} Nxe2 42. Kxe2) 41... e3+ $1 $19 {[%mdl 512]} 42. Kd3 {Hoping for b7.} (42. Kxe3 Rc3+) 42... Ne4 {Precision: White = 34%, Black = 27%.} 0-1

[Event "3rd GRENKE Chess Open 2018"]
[Site "Karlsruhe"]
[Date "2018.03.31"]
[Round "4"]
[White "Grigorian, Spartak"]
[Black "Firat, Burak"]
[Result "0-1"]
[WhiteElo "2321"]
[BlackElo "2453"]
[Annotator "TA"]
[PlyCount "58"]
[EventDate "2018.??.??"]
[EventType "swiss"]
[EventCountry "GER"]
[SourceTitle "playchess.com"]
[Source "ChessBase"]
[SourceQuality "1"]

{[%evp 21,58,0,1,-6,-9,-36,-12,-159,-165,-252,-247,-318,-310,-329,-301,-399,-374,-562,-568,-533,-300,-275,-256,-254,-270,-589,-355,-421,-412,-1065,-1049,-1185,-1224,-2233,-2099,-766,-1814,-2083,-2044]} 1. Nf3 c5 2. b3 d6 3. c4 Nf6 4. Bb2 Nbd7 5. g3 b6 6. Bg2 Bb7 7. O-O g6 8. d4 cxd4 9. Qxd4 Bg7 10. Nc3 O-O 11. Qh4 {A30: Symmetrical English: Double Fianchetto and Hedgehog} (11. Qd2 a6 12. Rfd1 Rc8 13. Rac1 Re8 14. Ne1 Qc7 15. Nd5 Qb8 16. Bh3 Ne4 17. Qc2 Bxb2 18. Qxb2 e6 {½-½ (41) Svidler,P (2760)-Gelfand,B (2695) Moscow 2018}) 11... Rc8 {LiveBook: 4 Games} 12. Rad1 a6 13. g4 {[#] The position is equal.} b5 $146 {[%cal Bb6b5,Bb5c4,Bc4c3][%mdl 32]} ({Predecessor:} 13... Rc5 14. Ba3 Rc7 15. Rd3 Nc5 16. Re3 Ne6 17. Rd1 Nf4 18. Bf1 Qa8 19. Bc1 b5 20. Qg3 Ne6 21. cxb5 Rxc3 {0-1 (21) El Adnani,M (2448)-Akobian,V (2647) Riadh 2017}) 14. Nd5 (14. cxb5 $11 Qa5 15. bxa6 Qxa6 16. Rfe1) 14... bxc4 $17 15. Ng5 (15. Bxf6 $142 Nxf6 16. Nxf6+ Bxf6 17. g5) 15... Bxd5 $19 16. Bxd5 c3 17. Bc1 h6 18. Nh3 g5 19. Nxg5 (19. Qg3 $142) 19... hxg5 20. Bxg5 Ne5 {Strongly threatening ...c2.} 21. Bxf6 Bxf6 22. g5 {[#]} Bg7 $1 (22... Ng6 23. Qh6 $17) 23. Rd3 $2 (23. Be4 {is more resistant.} Ng6 24. Qh5) 23... e6 24. Rh3 {[%csl Gh3][%cal Rh4h7]} Re8 25. f4 (25. Be4 $142) 25... c2 {Black is clearly winning.} 26. Bc4 Nxc4 27. f5 exf5 28. Qh7+ Kf8 29. Qxf5 Ne5 {Precision: White =  8%, Black = 62%.} 0-1

[Event "3rd GRENKE Chess Open 2018"]
[Site "Karlsruhe"]
[Date "2018.03.31"]
[Round "4"]
[White "Pfrommer, Christoph"]
[Black "Inkiov, Ventzislav"]
[Result "0-1"]
[WhiteElo "2313"]
[BlackElo "2449"]
[Annotator "TA"]
[PlyCount "60"]
[EventDate "2018.??.??"]
[EventType "swiss"]
[EventCountry "GER"]
[SourceTitle "playchess.com"]
[Source "ChessBase"]
[SourceQuality "1"]

{[%evp 16,60,31,35,65,57,60,52,47,50,58,58,50,39,58,54,54,0,38,0,17,0,0,-15,0,0,0,0,27,23,54,57,65,-288,-289,-315,-289,-308,-295,-1037,-1040,-1402,-1385,-1415,-1408,-1556,-1158]} 1. d4 Nf6 2. Bg5 Ne4 3. Bf4 c5 4. d5 Qb6 5. Bc1 e6 6. f3 Nf6 7. e4 {A45: Trompowsky Attack} (7. c4 exd5 8. cxd5 c4 9. e3 Bc5 10. Kf2 O-O 11. Bxc4 Re8 12. Qb3 Qd8 13. Ne2 d6 14. Nbc3 a6 15. a4 Nbd7 16. Ng3 {0-1 (71) Georgiev,K (2626)-Grischuk,A (2705) Mainz 2004}) 7... exd5 8. exd5 d6 9. c4 {LiveBook: 20 Games. White is slightly better.} Bf5 10. Nc3 Nbd7 11. Nge2 h5 $146 ({Find the theoretical novelty and annotate with similar games:} 11... h6 12. Ng3 Bg6 13. Be2 Be7 14. O-O O-O 15. f4 Rfe8 16. b3 {0-1 (38) Smirnov,A (2444)-Heimrath,R (2299) Bad Wiessee 2011}) 12. Ng3 Bg6 13. Bd3 Bxd3 $1 14. Qxd3 Ne5 15. Qe2 {[#] Strongly threatening f4.} O-O-O 16. f4 (16. b3 $1 $14) 16... Re8 17. O-O (17. fxe5 {NOTEXT} Rxe5 18. Be3 Ng4 19. Nge4 Nxe3 20. Qxe3 f5 21. O-O) 17... Ned7 18. Qf3 g6 19. Kh1 Bg7 20. Rb1 Ng4 21. Nge4 a6 22. Bd2 Bd4 23. b4 f5 24. bxc5 $2 {[%mdl 8192] [#]} (24. Ng5 $14 {keeps the upper hand.}) 24... fxe4 $19 25. Nxe4 ({Much worse is} 25. Rxb6 exf3 26. Rxd6 Nf2+ 27. Rxf2 Bxf2 $19) 25... Nxc5 {[%cal Bd7c5,Bc5e4,Be4d2][%mdl 32]} 26. Rxb6 Nxe4 27. Rxa6 $2 (27. Rc6+ bxc6 28. Be1) 27... Nxd2 {Black is clearly winning.} (27... bxa6 $2 28. Be1 $19) 28. Ra8+ Kc7 29. Rxe8 Rxe8 ({Less strong is} 29... Nxf3 30. Rxh8 Nd2 31. Rh7+ Kb6 32. h3 $15 (32. Re1 $2 Nf2+ 33. Kg1 Nd3+ 34. Kh1 Nxe1 $19)) 30. Qd3 Nf2+ {Precision: White = 40%, Black = 58%.} 0-1

[Event "3rd GRENKE Chess Open 2018"]
[Site "Karlsruhe"]
[Date "2018.03.31"]
[Round "5"]
[White "Rapport, Richard"]
[Black "Lagarde, Maxime"]
[Result "1/2-1/2"]
[WhiteElo "2715"]
[BlackElo "2587"]
[Annotator "TA"]
[PlyCount "112"]
[EventDate "2018.??.??"]
[EventType "swiss"]
[EventCountry "GER"]
[SourceTitle "playchess.com"]
[Source "ChessBase"]
[SourceQuality "1"]

{[%evp 24,112,34,8,21,4,39,28,43,26,43,29,30,32,40,50,66,24,47,14,31,0,0,0,0,0,0,0,0,0,8,6,5,0,0,0,0,-18,26,12,54,54,54,54,54,54,54,54,54,51,44,26,30,30,31,22,47,41,33,8,8,8,8,8,8,8,8,8,31,0,12,12,12,8,8,8,8,8,8,0,0,0,0,1,7,2,8,8,8,8,8]} 1. e4 c5 2. Nc3 Nc6 3. Bb5 Nd4 4. Nf3 Nxb5 5. Nxb5 a6 6. Nc3 d6 7. d4 cxd4 8. Qxd4 e5 9. Qd3 h6 10. Nd2 Nf6 11. Nc4 Be6 12. Ne3 {B51: Sicilian: Moscow Variation (3 Bb5+) without 3...Bd7} Rc8 13. a4 {LiveBook: 4 Games} (13. O-O Be7 14. Rd1 O-O 15. Bd2 Rc5 16. a4 Qc8 {½-½ (31) Anand,V (2783)-Kasparov,G (2812) Saint Louis 2017}) 13... Qb6 14. O-O Be7 15. Rd1 O-O 16. Bd2 $146 {[%cal Bc1d2,Bd2e1,Be1f2][%mdl 32]} ({Predecessor:} 16. Ncd5 Bxd5 17. exd5 Nd7 18. Nf5 Bf6 19. a5 {1-0 (30) Simeoni,M-Vannelli,V Vitinia 1997}) 16... Qd4 17. Be1 Qxd3 18. Rxd3 Rc5 19. f3 Rfc8 20. Bf2 Kf8 21. Rd2 Nd7 22. Ncd1 g6 23. b3 b5 24. axb5 axb5 25. Ra2 R5c6 26. g4 Bg5 27. h4 Bf4 28. Re2 Nb6 29. Ra5 d5 {[%cal Bd6d5,Bd5d4][%mdl 32]} 30. Rxb5 {[%cal Re4d5]} d4 (30... dxe4 {is interesting.} 31. fxe4 Nd7 32. Be1 Nf6 33. Nf2 Bxe3 34. Rxe3 Rxc2 35. g5 hxg5 36. hxg5 Nd7) 31. Ng2 Rxc2 (31... g5 {feels hotter.} 32. Nxf4 gxf4 33. c3 dxc3 34. Rc2 Nd7) 32. Rxc2 Rxc2 33. Nxf4 exf4 34. Bxd4 Rc1 35. Bxb6 Rxd1+ $14 {[%mdl 4096] Endgame KRB-KRB} 36. Kg2 Rd2+ 37. Bf2 Rd3 38. b4 Bb3 39. Bc5+ Ke8 40. Rb8+ Kd7 $1 41. b5 Bd1 42. Rb7+ Kc8 43. Rxf7 Bxf3+ 44. Kf2 {[#] And now Rf8+ would win.} g5 $1 45. Rf8+ Kb7 46. Rf7+ Kc8 {The position is equal.} 47. hxg5 hxg5 48. Rf5 Bxg4 49. Rxg5 Rd2+ 50. Kg1 Bf3 51. e5 Bd5 52. Rf5 Rg2+ 53. Kf1 {[#] aiming for e6.} Rc2 54. Bd4 Bc4+ 55. Kg1 Bxb5 56. Rxf4 Bc4 {Precision: White = 68%, Black = 67%.} 1/2-1/2

[Event "3rd GRENKE Chess Open 2018"]
[Site "Karlsruhe"]
[Date "2018.03.31"]
[Round "5"]
[White "Andreikin, Dmitry"]
[Black "Lubbe, Nikolas"]
[Result "1-0"]
[WhiteElo "2712"]
[BlackElo "2453"]
[Annotator "TA"]
[PlyCount "111"]
[EventDate "2018.??.??"]
[EventType "swiss"]
[EventCountry "GER"]
[SourceTitle "playchess.com"]
[Source "ChessBase"]
[SourceQuality "1"]

{[%evp 10,111,34,2,28,7,37,43,50,40,52,47,56,46,63,57,61,61,66,16,54,55,67,51,75,72,62,62,70,64,67,65,66,58,58,63,71,50,37,22,22,18,25,18,26,25,62,70,203,215,295,284,289,299,405,402,458,454,431,425,419,291,291,294,283,288,298,284,282,287,296,295,268,211,317,308,345,345,425,429,427,419,410,366,342,335,332,329,272,202,646,635,748,745,742,724,29986,29987,29987,29988,29988,29989,29989,29990]} 1. e4 c5 2. Nf3 Nc6 3. d4 cxd4 4. Nxd4 Nf6 5. Nc3 e5 6. Nde2 {LiveBook: 43 Games} h6 {B33: Sicilian: Pelikan and Sveshnikov Variations} (6... d6 7. g3 Be6 8. Bg2 Be7 9. h3 O-O 10. Be3 Rc8 11. Qd2 a6 12. g4 b5 13. g5 Nd7 14. h4 Nc5 15. Nd5 Bxd5 16. exd5 {1-0 (39) Andreikin,D (2706)-Wan,Y (2492) China 2017}) 7. Ng3 d6 8. Bc4 Bg4 {White is slightly better.} 9. Qd3 $146 ({Predecessor:} 9. f3 Be6 10. Bb3 a6 11. Be3 Na5 12. Bd5 Rc8 13. Qd3 Nc4 14. O-O-O Bxd5 15. exd5 {0-1 (21) Iwanesko,A (2062)-Gozzoli,Y (2502) Saint Affrique 2008}) 9... Rc8 10. a3 Be6 11. O-O Be7 12. Nd5 O-O 13. Ba2 Re8 14. Nf5 Bf8 15. Nfe3 Nd7 16. b4 Nb6 17. Rd1 Nd4 18. Nxb6 Qxb6 19. Bb2 Bxa2 20. Rxa2 Ne6 {[%cal Bd4e6,Be6f4,Bf4h3][%mdl 32]} 21. c4 Nf4 22. Qb1 Qd8 23. g3 Qg5 24. h4 Qh5 25. Rd2 Nh3+ 26. Kg2 Nf4+ $1 27. Kh2 (27. gxf4 exf4 28. Nf5 g6) 27... Qf3 28. gxf4 exf4 (28... Qxf4+ $14 29. Kg2 Re6) 29. Qd1 $1 $18 {[%cal Rd1f3]} Qxe4 30. Rd4 {[%cal Bd2d4,Bd4f4,Bf4g4][%mdl 32]} Qe5 31. Nd5 f3+ 32. Rf4 Qe2 33. Qg1 Re6 {Threatening ...Rg6.} 34. Rg4 {[%cal Rg4g7]} Rg6 35. Nf6+ Kh8 36. Rxg6 fxg6 37. Bd4 $1 Qd3 38. Rd2 (38. Qg4 Rc7 $16) 38... Qf5 39. Nd5 Rxc4 {...Kh7 is the strong threat.} 40. Qg3 {Black must now prevent Ne3.} Rc1 41. Ne3 Qf7 (41... Qh5 $142 42. Qg4 (42. Bxa7 Be7 $14) 42... Qxg4 43. Nxg4 h5) 42. Bxa7 g5 43. Rd5 gxh4 44. Qg4 ({Weaker is} 44. Qxh4 Be7 $18) 44... g6 45. Qxh4 Kh7 46. Bd4 Be7 47. Qe4 Bg5 {[#]} 48. Rxg5 $1 hxg5 {[#]} 49. Nd5 $1 {Strongly threatening Nf6+.} Kh6 $2 (49... Rc4 50. Kg3 b5) 50. Be3 Rd1 51. Qh4+ Kg7 52. Bd4+ Kf8 53. Qh8+ {White mates.} Qg8 54. Qf6+ Qf7 55. Qd8+ Qe8 56. Qxd6+ {Precision: White = 89%, Black = 50%.} 1-0

[Event "3rd GRENKE Chess Open 2018"]
[Site "Karlsruhe"]
[Date "2018.03.31"]
[Round "5"]
[White "Van Wely, Loek"]
[Black "Inkiov, Ventzislav"]
[Result "1-0"]
[WhiteElo "2667"]
[BlackElo "2449"]
[Annotator "TA"]
[PlyCount "65"]
[EventDate "2018.??.??"]
[EventType "swiss"]
[EventCountry "GER"]
[SourceTitle "playchess.com"]
[Source "ChessBase"]
[SourceQuality "1"]

{[%evp 32,65,29,30,52,62,68,56,149,140,221,226,235,237,248,237,281,281,281,281,281,281,281,281,281,292,333,321,501,485,502,495,1047,1039,1124,1124]} 1. d4 Nf6 2. c4 e6 3. Nf3 d5 4. g3 dxc4 5. Bg2 c5 6. O-O Nc6 7. dxc5 Qxd1 8. Rxd1 Bxc5 9. Nbd2 c3 10. bxc3 O-O 11. Nb3 Be7 12. Nfd4 {[%cal Bf3d4,Bd4b5,Bb5d6][%mdl 32]} Bd7 13. c4 {E04: Open Catalan: 5 Nf3} Rfd8 14. Bb2 Rac8 15. Nb5 Be8 16. c5 Rxd1+ 17. Rxd1 {[#] LiveBook: 3 Games} a6 $146 ({Predecessor:} 17... Nd8 18. Nd6 Bxd6 19. cxd6 Ba4 20. Rd2 Nd7 {0-1 (37) Caruana,F (2711)-Svidler,P (2739) Khanty-Mansiysk 2011}) 18. Nd6 Rd8 19. Rd2 Rb8 (19... Bxd6 $1 $14 20. cxd6 b6) 20. Bxf6 $16 gxf6 (20... Bxf6 $16 {keeps fighting.} 21. Nxe8 Rxe8) 21. Nxe8 $18 Rxe8 22. Rd7 Kf8 23. Rxb7 Rc8 {[#]} 24. Bxc6 $1 Rxc6 {[%mdl 4096] Endgame KRB-KRN} 25. Rb8+ Kg7 26. Rb6 Rc8 27. c6 ({Don't do} 27. Rxa6 $6 Bxc5 28. Nxc5 Rxc5 $18) 27... a5 28. Ra6 ({Don't take} 28. Nxa5 $6 Bd8 $16) 28... Bd8 29. Nd4 Rb8 (29... Bc7 {was worth a try.} 30. e4 Kg6) 30. Ra7 {White is clearly winning.} Rb1+ 31. Kg2 {[#] Black must now prevent Nxe6+.} Bb6 (31... Kg6 $142 32. c7 Bxc7 33. Rxc7 h6) 32. Nxe6+ Kh6 33. Rxf7 {Precision: White = 97%, Black = 18%.} 1-0